Γυμνό ανάμεσα στους λύκους : οι τελευταίες ημέρες του Μπούχενβαλντ
Αποθηκεύτηκε σε:
| Κύριος συγγραφέας: | |
|---|---|
| Άλλοι συγγραφείς: | , |
| Μορφή: | Βιβλίο |
| Γλώσσα: | Greek German |
| Δημοσίευση: |
Αθήνα :
Εκδόσεις Ηριδανός,
[1958?].
|
| Θέματα: | |
| Ετικέτες: |
Προσθήκη ετικέτας
Δεν υπάρχουν, Καταχωρήστε ετικέτα πρώτοι!
|
MARC
| LEADER | 00000cam a2200000 a 4500 | ||
|---|---|---|---|
| 001 | 1/115460 | ||
| 008 | 171106q1958####gr | ||| |||| ||gre|| | ||
| 040 | |a GR-MyUa |b gre |c GR-MyUa |e AACR2 | ||
| 041 | 1 | |a gre |h ger | |
| 082 | 7 | |a 833 |2 (23) | |
| 100 | 1 | |a Apitz, Bruno. | |
| 245 | 1 | 0 | |a Γυμνό ανάμεσα στους λύκους : |b οι τελευταίες ημέρες του Μπούχενβαλντ / |c Μπρούνο Άπιτς ; μετέφρασε ο Στάθης Ευσταθιάδης ; επιμέλεια Αλέκος Κ. Παπακώστας. |
| 260 | |a Αθήνα : |b Εκδόσεις Ηριδανός, |c [1958?]. | ||
| 300 | |a 423 σ. ; |c 22 εκ. | ||
| 500 | |a Περιέχει γλωσσάρι. | ||
| 500 | |a Τίτλος πρωτοτύπου: Nackt unter Wolfen. | ||
| 650 | 0 | |a German fiction |y 20th century. | |
| 700 | 1 | |a Ευσταθιάδης, Στάθης, |e trl | |
| 700 | 1 | |a Παπακώστας, Αλέκος Κ. |e edt | |
| 852 | |a INST |b SAMOS |e 20171106 |h 833 API |p 005300045009 |q 005300045009 |t BK |y 0 | ||
| 970 | |a Φιλιππή |b Φάλη |z 06-11-2017 | ||